| 000 | 00823na a2200265 4500 | ||
|---|---|---|---|
| 001 | 22117 | ||
| 003 | MIRAKIL | ||
| 005 | 20181213154943.0 | ||
| 008 | 170210b tu 000 0 | ||
| 020 | _a9756889004 | ||
| 040 |
_aMilas _btur _cTR-AnCHP |
||
| 041 | _atur | ||
| 082 |
_a306.6 _bI74s 1998 |
||
| 090 | _a306.6 I74s 1998 | ||
| 100 | _aIşıklı, Alpaslan | ||
| 245 |
_aSaid Nursi Fethullah Gülen ve "laik" sempatizanları _cAlpaslan Işıklı |
||
| 260 |
_aAnkara _bMülkiyeliler Birliği Yayınları _c1998 |
||
| 300 |
_a96 s. _c20 sm. |
||
| 490 |
_aMülkiyeliler Birliği Yayınları _v1 |
||
| 600 |
_aGülen, Fethullah _xSiyasal ve sosyal görüşler |
||
| 600 |
_aSaid Nursi _xSiyasal ve sosyal görüşler |
||
| 650 |
_aDini kurumlar _xLaiklik |
||
| 650 |
_aLaiklik _xDin adamları |
||
| 942 |
_2ddc _cBKS |
||
| 999 |
_c3777 _d3777 |
||